Estatísticas para Países que fazem fronteira com a França

Clique aqui para jogar o quiz

Estatísticas Gerais

  • Esse quiz foi jogado 89 vezes
  • A pontuação média é 10 de 10

Estatísticas das Respostas

Resposta% Correto
Brasil
100%
Alemanha
99%
Bélgica
99%
Espanha
99%
Itália
99%
Suíça
99%
Luxemburgo
96%
Mónaco
95%
Suriname
93%
Andorra
91%

Distribuição das Pontuações

Percentil de Números Respondidos

Porcentagem de Pessoas com Cada Pontuação

Sua Pontuação Histórica

Você não jogou esse quiz